| 000 | 00592nam a2200205Ia 4500 | ||
|---|---|---|---|
| 020 | _a0697412806 | ||
| 040 | _cNJP | ||
| 082 | _a370 DUS 1998 A012 Or. | ||
| 245 | 0 | 0 |
_aAnnual editions : _bEducation 98/99 / |
| 246 | 3 | 0 | _aEducation 1998/99 |
| 260 |
_aGuilford, Conn. : _bDushkin/McGraw-Hill, _cc1998. |
||
| 300 |
_ax, 261 p. : _bill. ; _c28 cm. |
||
| 490 | 0 | _aAnnual editions series ; | |
| 500 | _aPrevious editions have title: Annual editions : readings in education. | ||
| 650 | 0 | _aEducation | |
| 650 | 0 | _aEducation | |
| 650 | 0 | _aEducation. | |
| 700 | 1 | _aSchultz, Fred. | |
| 942 | _cEK | ||
| 999 |
_c14077 _d14077 |
||